[Event "SR 1. liga zapad 2010/2011"]
[Site "?"]
[Date "2010.11.06"]
[Round "1.6"]
[White "Nagy, Attilla"]
[Black "Sulek, Viliam"]
[Result "1/2-1/2"]
[WhiteElo "2164"]
[BlackElo "2144"]
[PlyCount "144"]
[EventDate "2010.??.??"]

1. e4 c5 2. Nf3 Nc6 3. Bb5 g6 4. O-O Bg7 5. c3 Nf6 6. e5 Nd5 7. d4 cxd4 8. cxd4
O-O 9. Nc3 Nxc3 10. bxc3 a6 11. Be2 d5 12. exd6 Qxd6 13. a4 Rd8 14. Bg5 Bf5 15.
Nd2 Na5 16. Nc4 Nxc4 17. Bxc4 Rd7 18. Qb3 e6 19. Rfe1 Rc8 20. Rac1 Qc6 21. Bf1
Rd5 22. g3 h6 23. Bd2 Rd7 24. Bg2 Qc4 25. Qxc4 Rxc4 26. a5 h5 27. f4 Ra4 28.
Ra1 Rxa1 29. Rxa1 Rxd4 30. cxd4 Bxd4+ 31. Kf1 Bxa1 32. Ke2 e5 33. Bxb7 Bg4+ 34.
Kf2 Bd4+ 35. Be3 Bc3 36. Bb6 h4 37. Bxa6 hxg3+ 38. Kxg3 Bd7 39. Bb7 exf4+ 40.
Kxf4 Bb5 41. a6 Bxa6 42. Bxa6 Kg7 43. Bc4 f6 44. Ke4 Be5 45. h3 Bb2 46. Kd5 Bc1
47. Bd4 Bg5 48. Ke6 Bh4 49. Ke7 Bg5 50. Ke8 Bf4 51. Bc5 Be5 52. Bf8+ Kh7 53.
Kf7 f5 54. Ke6 Bc3 55. Bb5 Bd4 56. Be8 Bc3 57. Kd5 Bb2 58. Kc4 Bf6 59. Kd3 Be5
60. Ke3 Kg8 61. Be7 Kh7 62. Kd3 Bb2 63. Bd6 Bg7 64. Ke3 Bh6+ 65. Kf3 Bg7 66.
Kg3 Bd4 67. Be7 Bc3 68. Kf4 Bd2+ 69. Ke5 Bc3+ 70. Ke6 Bd4 71. Kf7 Bc3 72. Bg5
Be5 1/2-1/2

[Event "SR 1. liga zapad 2010/2011"]
[Site "?"]
[Date "2010.11.06"]
[Round "1.6"]
[White "Slapak, Zdenek"]
[Black "Lukacovic, Miroslav"]
[Result "1-0"]
[WhiteElo "2133"]
[BlackElo "2006"]
[PlyCount "65"]
[EventDate "2010.??.??"]

1. c4 c6 2. Nf3 Nf6 3. Nc3 d5 4. e3 e6 5. b3 Nbd7 6. Bb2 Bd6 7. d4 b6 8. Bd3
Bb7 9. O-O O-O 10. cxd5 exd5 11. Rc1 Rc8 12. Re1 Re8 13. Qc2 Rc7 14. a3 Nf8 15.
b4 Qb8 16. Ne5 Bxe5 17. dxe5 N6d7 18. Nb5 Nxe5 19. Bxe5 Rxe5 20. Nxc7 Qxc7 21.
e4 Rh5 22. g3 d4 23. f4 Ne6 24. e5 c5 25. Qe2 Rh6 26. Qg4 Rg6 27. Qf5 Bf3 28.
Kf2 Bb7 29. h4 Bc8 30. h5 Ng5 31. e6 fxe6 32. hxg6 exf5 33. Re8# 1-0

[Event "SR 1. liga zapad 2010/2011"]
[Site "?"]
[Date "2010.11.07"]
[Round "2.1"]
[White "Berek, Geza"]
[Black "Dobrotka, Martin"]
[Result "1/2-1/2"]
[WhiteElo "2216"]
[BlackElo "2238"]
[PlyCount "54"]
[EventDate "2010.??.??"]

1. e4 e6 2. d4 d5 3. Nd2 Nf6 4. e5 Nfd7 5. Bd3 c5 6. c3 Nc6 7. Ne2 cxd4 8. cxd4
f6 9. exf6 Qxf6 10. Nf3 Bd6 11. O-O h6 12. Ng3 O-O 13. Bc2 Rd8 14. Re1 Nf8 15.
Ne5 Qh4 16. f4 Bd7 17. Be3 Be8 18. Ne2 Rac8 19. Bf2 Qf6 20. a3 Bb8 21. b4 a6
22. Rc1 Rc7 23. Qd2 Rdc8 24. Ng4 Qf7 25. Ne5 Qf6 26. Ng4 Qf7 27. Ne5 Qf6
1/2-1/2

[Event "SR 1. liga zapad 2010/2011"]
[Site "?"]
[Date "2010.11.07"]
[Round "2.1"]
[White "Beres, Dominik"]
[Black "Hanko, Pavol"]
[Result "1-0"]
[WhiteElo "2083"]
[BlackElo "2179"]
[PlyCount "89"]
[EventDate "2010.??.??"]

1. d4 Nf6 2. c4 g6 3. Nc3 Bg7 4. e4 d6 5. Nge2 O-O 6. f3 Nc6 7. Be3 Re8 8. Qd2
Rb8 9. Ng3 e5 10. d5 Nd4 11. h4 h5 12. Bg5 c5 13. Bd3 a6 14. O-O b5 15. f4 Rb6
16. Rae1 Qc7 17. f5 Ng4 18. f6 Bf8 19. Nce2 bxc4 20. Bxc4 Kh7 21. Nxd4 cxd4 22.
Rc1 Qb7 23. b3 Ne3 24. Rfe1 Bd7 25. Rxe3 dxe3 26. Bxe3 Rb4 27. a3 Rxb3 28. Bxb3
Qxb3 29. Rc7 Qb5 30. Qc1 Rb8 31. Kh2 Rb7 32. a4 Rxc7 33. Qxc7 Qxa4 34. Qd8 Be8
35. Qc8 a5 36. Bd2 Bh6 37. Bxa5 Bf4 38. Be1 Kh6 39. Qd8 g5 40. Qxd6 Kg6 41. Qf8
Kxf6 42. hxg5+ Kxg5 43. Qg7+ Kh4 44. Qf6+ Bg5 45. Ne2+ 1-0

[Event "SR 1. liga zapad 2010/2011"]
[Site "?"]
[Date "2010.11.07"]
[Round "2.1"]
[White "Garban, Mario"]
[Black "Havran, S."]
[Result "1-0"]
[WhiteElo "1931"]
[BlackElo "1756"]
[PlyCount "64"]
[EventDate "2010.??.??"]

1. e4 e5 2. Nf3 Nc6 3. Bc4 Bc5 4. d3 Nf6 5. c3 d6 6. h3 h6 7. O-O a6 8. Re1 O-O
9. Nbd2 b5 10. Bb3 Na5 11. Bc2 Bb6 12. b4 Nc6 13. a4 Bb7 14. axb5 axb5 15. Bb2
Rxa1 16. Qxa1 Qa8 17. Bb3 Qxa1 18. Rxa1 Ra8 19. Rxa8+ Bxa8 20. Kf1 Ne7 21. Ke2
Ng6 22. g3 Nh5 23. d4 exd4 24. Nxd4 c6 25. c4 bxc4 26. Nxc4 Bc7 27. Nf5 d5 28.
exd5 cxd5 29. Nce3 Kf8 30. Kd2 f6 31. Bxd5 Bxd5 32. Nxd5 Bd6 1-0

[Event "SR 1. liga zapad 2010/2011"]
[Site "?"]
[Date "2010.11.07"]
[Round "2.1"]
[White "Kaniansky, Miroslav"]
[Black "Novotny, Michal"]
[Result "1-0"]
[WhiteElo "2185"]
[BlackElo "2009"]
[PlyCount "87"]
[EventDate "2010.??.??"]

1. d4 Nf6 2. Nf3 d5 3. c4 e6 4. Nc3 c6 5. e3 Bb4 6. Qb3 Qb6 7. a3 Bxc3+ 8. Qxc3
Ne4 9. Qc2 Nd7 10. Bd3 f5 11. O-O O-O 12. b4 a6 13. Bb2 Qd8 14. Ne5 Qg5 15.
Rae1 Qe7 16. f3 Nd6 17. c5 Nf7 18. e4 Nfxe5 19. dxe5 g6 20. exf5 gxf5 21. Qf2
Rf7 22. Bc1 Rg7 23. Bh6 Rg6 24. Bf4 a5 25. h4 axb4 26. h5 Nxc5 27. Bb1 Rg7 28.
axb4 Na6 29. Bh6 Nxb4 30. Bxg7 Qxg7 31. Qb6 Na6 32. f4 Qe7 33. Re3 Kg7 34. Kh2
Nc5 35. Rg3+ Kh6 36. Rg5 Ra6 37. Qb2 Ra4 38. g3 Nd7 39. Rg8 Nf8 40. Qf2 Qf7 41.
Rg5 Nd7 42. g4 Nxe5 43. Qh4 Nxg4+ 44. Rxg4 1-0

[Event "SR 1. liga zapad 2010/2011"]
[Site "?"]
[Date "2010.11.07"]
[Round "2.1"]
[White "Lakatos, Vladimir"]
[Black "Boldis, Frantisek"]
[Result "1-0"]
[WhiteElo "2162"]
[BlackElo "2037"]
[PlyCount "103"]
[EventDate "2010.??.??"]

1. c4 e6 2. Nc3 c5 3. e4 Nc6 4. g3 Nge7 5. Bg2 Ng6 6. f4 Be7 7. Nf3 O-O 8. d3
a6 9. Be3 d6 10. Qd2 Qa5 11. h4 Rd8 12. h5 Nf8 13. Bh3 b5 14. O-O b4 15. Ne2 d5
16. Qc2 dxe4 17. dxe4 Nd4 18. Nexd4 cxd4 19. Nxd4 Bc5 20. Qf2 Bb7 21. Bg2 Bxd4
22. Bxd4 Qxh5 23. Bf3 Qh6 24. Kg2 Qg6 25. Qe3 f6 26. Bc5 a5 27. Rad1 Nd7 28.
Be7 e5 29. f5 Qf7 30. Bxd8 Rxd8 31. b3 Ra8 32. Rd6 a4 33. Rfd1 Nf8 34. Rd8 axb3
35. Rxa8 Bxa8 36. axb3 g5 37. g4 Qe7 38. Qd2 h5 39. gxh5 g4 40. Bxg4 Bxe4+ 41.
Kg3 Ba8 42. Qd6 Qa7 43. c5 Qa2 44. Qd3 Qg2+ 45. Kh4 Qh2+ 46. Qh3 Qf4 47. Qg3
Qg5+ 48. Kh3 Be4 49. Re1 Bc6 50. Qe3 Qg7 51. Bf3 Bxf3 52. Rg1 1-0

[Event "SR 1. liga zapad 2010/2011"]
[Site "?"]
[Date "2010.11.07"]
[Round "2.1"]
[White "Murajda, T."]
[Black "Reisel, Frantisek"]
[Result "0-1"]
[WhiteElo "1876"]
[BlackElo "2079"]
[PlyCount "68"]
[EventDate "2010.??.??"]

1. d4 d5 2. c4 c6 3. g3 Nf6 4. Bf4 Qb6 5. Qc2 Qxd4 6. Nd2 dxc4 7. Ngf3 Qc5 8.
Ne5 Ng4 9. Nd3 Qd5 10. e4 cxd3 11. Bxd3 Qa5 12. O-O Qh5 13. Nf3 e5 14. Be3 Nd7
15. Be2 Be7 16. Kg2 O-O 17. Bd2 Qg6 18. h4 Ndf6 19. Bg5 h6 20. h5 Qxh5 21. Rh1
Qg6 22. Bh4 Be6 23. Nd2 Rad8 24. Bd3 Rd7 25. Nc4 Bxc4 26. Qxc4 Rfd8 27. Be2 Rd4
28. Qb3 Qxe4+ 29. Bf3 Qf5 30. Qxb7 R8d7 31. Qc8+ Kh7 32. Rae1 e4 33. Bxg4 Nxg4
34. Bxe7 Qf3+ 0-1

[Event "SR 1. liga zapad 2010/2011"]
[Site "?"]
[Date "2010.11.07"]
[Round "2.1"]
[White "Vrablik, Miroslav"]
[Black "Beres, Lukas"]
[Result "1/2-1/2"]
[WhiteElo "2106"]
[BlackElo "1686"]
[PlyCount "83"]
[EventDate "2010.??.??"]

1. d4 Nf6 2. c4 g6 3. g3 Bg7 4. Bg2 d6 5. Nf3 O-O 6. O-O c6 7. Nc3 Nbd7 8. b3
Qc7 9. h3 e5 10. e4 Re8 11. Re1 a5 12. Rb1 Nh5 13. Be3 Nhf6 14. Qd2 Nf8 15.
Rbc1 exd4 16. Nxd4 Ne6 17. Nc2 Nd7 18. Red1 Ndc5 19. Ne1 Rd8 20. f4 b6 21. f5
Nf8 22. g4 Bb7 23. Bf4 Be5 24. Bf3 Nfd7 25. Bxe5 Nxe5 26. Bg2 Qe7 27. Qh6 Qf8
28. Qxf8+ Kxf8 29. Rd4 f6 30. Rcd1 Ke7 31. fxg6 hxg6 32. Kf2 Ne6 33. R4d2 Rd7
34. Nf3 Rf8 35. Kg3 Nxf3 36. Bxf3 g5 37. Ne2 Rh8 38. Bg2 Rhd8 39. Rd3 Nc5 40.
R3d2 Ne6 41. Rd3 Nc5 42. R3d2 1/2-1/2

[Event "SR 1. liga zapad 2010/2011"]
[Site "?"]
[Date "2010.11.07"]
[Round "2.1"]
[White "Zahorsky, Robert"]
[Black "Detko, Jan"]
[Result "0-1"]
[WhiteElo "1988"]
[BlackElo "2144"]
[PlyCount "116"]
[EventDate "2010.??.??"]

1. d4 Nf6 2. c4 Nc6 3. Bg5 e5 4. e3 Bb4+ 5. Nc3 Bxc3+ 6. bxc3 d6 7. Nf3 h6 8.
Bxf6 Qxf6 9. Be2 Bf5 10. Nd2 O-O 11. O-O Qe7 12. d5 Nb8 13. e4 Bh7 14. Rb1 b6
15. Bd3 Nd7 16. Qg4 Nc5 17. Bc2 Nxe4 18. Nxe4 f5 19. Qe2 fxe4 20. Bxe4 Bxe4 21.
Qxe4 Rf4 22. Qe2 Raf8 23. Rbe1 Qd7 24. g3 Rf3 25. Qc2 Qg4 26. Qe2 Qf5 27. Qd2
Qd3 28. Qxd3 Rxd3 29. Re3 Rd2 30. f4 Rxa2 31. fxe5 Rxf1+ 32. Kxf1 dxe5 33. Rxe5
Ra4 34. Re4 b5 35. Ke2 Rxc4 36. Rxc4 bxc4 37. Ke3 Kf7 38. Kd4 Ke7 39. Kxc4 Kd6
40. Kd4 c6 41. dxc6 Kxc6 42. Kc4 g6 43. Kb4 h5 44. Ka5 Kc5 45. Ka6 Kc4 46. Kxa7
Kxc3 47. Kb6 Kd4 48. Kc6 Ke5 49. Kd7 Kf5 50. Ke7 g5 51. Kf7 h4 52. gxh4 gxh4
53. Kg7 h3 54. Kf7 Kf4 55. Kf6 Kf3 56. Kf5 Kg2 57. Kf4 Kxh2 58. Kf3 Kg1 0-1

[Event "SR 1. liga zapad 2010/2011"]
[Site "?"]
[Date "2010.11.07"]
[Round "2.2"]
[White "Bombek, Peter"]
[Black "Szucs, Vladimir"]
[Result "1/2-1/2"]
[WhiteElo "2228"]
[BlackElo "2130"]
[PlyCount "43"]
[EventDate "2010.??.??"]

1. d4 d5 2. Nf3 Nf6 3. e3 Bf5 4. c4 c6 5. Nc3 e6 6. Bd3 Bxd3 7. Qxd3 Nbd7 8.
O-O Be7 9. h3 O-O 10. b3 Qa5 11. Bd2 Qa6 12. e4 dxe4 13. Nxe4 Rad8 14. Bc3 Nxe4
15. Qxe4 Bf6 16. Rfd1 b5 17. cxb5 cxb5 18. Bb4 Rfe8 19. a4 bxa4 20. Rxa4 Qb5
21. Qd3 Qb7 22. Qa6 1/2-1/2

[Event "SR 1. liga zapad 2010/2011"]
[Site "?"]
[Date "2010.11.07"]
[Round "2.2"]
[White "Brestak, Jan"]
[Black "Kovacik, Emil"]
[Result "1-0"]
[WhiteElo "2149"]
[BlackElo "2232"]
[PlyCount "76"]
[EventDate "2010.??.??"]

1. e4 c5 2. Nf3 g6 3. c3 Bg7 4. d4 cxd4 5. cxd4 d5 6. exd5 Nf6 7. Bb5+ Bd7 8.
Bc4 b5 9. Bb3 O-O 10. O-O a5 11. a3 Na6 12. Bf4 Bf5 13. Nc3 b4 14. Na4 Be4 15.
d6 exd6 16. Re1 Bd5 17. Bg5 Bxb3 18. Qxb3 bxa3 19. bxa3 h6 20. Bxf6 Bxf6 21.
Rac1 Nc7 22. h4 Ne6 23. Qe3 Rb8 24. d5 Ng7 25. Qxh6 Nf5 26. Qf4 Nxh4 27. Nxh4
Bxh4 28. Rc6 Rb7 29. Nc3 Bg5 30. Qc4 Re7 31. Rb1 Rfe8 32. g3 Bd2 33. Nb5 Rd7
34. Nc7 Rf8 35. Kg2 Qf6 36. Rh1 Qe5 37. Qh4 Rfd8 38. Qh7+ Kf8 1-0

[Event "SR 1. liga zapad 2010/2011"]
[Site "?"]
[Date "2010.11.07"]
[Round "2.2"]
[White "Gulbis, Adrian"]
[Black "Vojtek, Vladimir"]
[Result "0-1"]
[WhiteElo "2153"]
[BlackElo "2295"]
[PlyCount "102"]
[EventDate "2010.??.??"]

1. d4 Nf6 2. c4 e6 3. Nf3 b6 4. Nc3 Bb7 5. a3 d5 6. cxd5 exd5 7. Bg5 Be7 8. e3
O-O 9. Bd3 h6 10. Bh4 c5 11. Rc1 Nbd7 12. O-O Re8 13. Bb1 Rc8 14. Re1 Ne4 15.
Bxe7 Qxe7 16. dxc5 Nxc3 17. Rxc3 bxc5 18. Qc2 Nf6 19. Rc1 d4 20. exd4 cxd4 21.
Rxc8 Rxc8 22. Qxc8+ Bxc8 23. Rxc8+ Ne8 24. Bd3 Qd7 25. Rb8 Qc6 26. g3 a6 27.
Nxd4 Qc1+ 28. Kg2 Kf8 29. Bxa6 Ke7 30. Rb4 Nd6 31. Bd3 g6 32. h4 Qd2 33. Bb1 h5
34. Nf3 Qd1 35. Ba2 Qe2 36. Bd5 Qd3 37. Rd4 Qb1 38. Rd2 f5 39. Re2+ Kd8 40. b3
f4 41. a4 Qc1 42. Nd4 fxg3 43. fxg3 Qd1 44. Ne6+ Kc8 45. Nf4 Kb8 46. a5 Nf5 47.
a6 Ka7 48. Bc4 Qd4 49. Nxg6 Qg4 50. Re6 Qxg3+ 51. Kh1 Qf2 0-1

[Event "SR 1. liga zapad 2010/2011"]
[Site "?"]
[Date "2010.11.07"]
[Round "2.2"]
[White "Marflak, Miroslav"]
[Black "Borik, Juraj"]
[Result "1-0"]
[WhiteElo "2023"]
[BlackElo "2206"]
[PlyCount "87"]
[EventDate "2010.??.??"]

1. e4 c5 2. Nf3 Nc6 3. d4 cxd4 4. Nxd4 Nf6 5. Nc3 d6 6. Bc4 e6 7. Be3 a6 8. Bb3
Be7 9. Qe2 O-O 10. O-O-O Bd7 11. g4 Nxd4 12. Bxd4 e5 13. Be3 Bxg4 14. f3 Be6
15. h4 Bxb3 16. axb3 Rc8 17. h5 Kh8 18. Qg2 Qa5 19. Kb1 Rxc3 20. bxc3 Qxc3 21.
Qd2 Qc7 22. Bg5 Rc8 23. Bxf6 Bxf6 24. Rh2 Rd8 25. Qd5 h6 26. Rhd2 Bg5 27. Rd3
b5 28. b4 a5 29. bxa5 Qxa5 30. Qa2 Qc7 31. Ra3 Rd7 32. Ra8+ Kh7 33. Qa3 b4 34.
Qa6 b3 35. cxb3 Qc3 36. Qd3 Qb4 37. Ra4 Qb8 38. b4 Rc7 39. Kb2 Qb6 40. Kb3 Be3
41. Qxd6 Rc6 42. Qxe5 Rc5 43. Rd5 Rc8 44. Qf5+ 1-0

[Event "SR 1. liga zapad 2010/2011"]
[Site "?"]
[Date "2010.11.07"]
[Round "2.2"]
[White "Motuz, Karol"]
[Black "Szeko, Ludovit"]
[Result "1-0"]
[WhiteElo "2245"]
[BlackElo "2078"]
[PlyCount "97"]
[EventDate "2010.??.??"]

1. e4 Nf6 2. e5 Nd5 3. d4 d6 4. Nf3 g6 5. Bc4 Nb6 6. Bb3 Bg7 7. Ng5 d5 8. f4 a5
9. c3 h6 10. Nf3 Bf5 11. O-O Qd7 12. Nh4 Bg4 13. Qd3 e6 14. h3 Bf5 15. Nxf5
gxf5 16. a4 Bf8 17. Be3 Na6 18. Nd2 Rg8 19. Bf2 Be7 20. Bd1 c5 21. Qb5 Qc6 22.
Nb3 c4 23. Nxa5 Qxb5 24. axb5 Nc7 25. Be2 O-O-O 26. b3 Nxb5 27. Rfc1 cxb3 28.
Nxb3 Na3 29. Nc5 Nbc4 30. Ra2 Kc7 31. Bh5 Rg7 32. Kf1 b6 33. Nd3 Rdg8 34. g4
fxg4 35. hxg4 f6 36. Re1 fxe5 37. Nxe5 Na5 38. Nd3 Kd7 39. Rae2 Bd6 40. Rxe6
Nb5 41. Rxh6 Nxc3 42. Ne5+ Bxe5 43. dxe5 Nc4 44. e6+ Kc7 45. e7 Rxg4 46. Bxg4
Rxg4 47. Bxb6+ Kb7 48. e8=Q Nd2+ 49. Kf2 1-0

[Event "SR 1. liga zapad 2010/2011"]
[Site "?"]
[Date "2010.11.07"]
[Round "2.2"]
[White "Nemeth, Daniel"]
[Black "Podoba, Milan"]
[Result "0-1"]
[WhiteElo "1960"]
[BlackElo "2167"]
[PlyCount "74"]
[EventDate "2010.??.??"]

1. d4 d5 2. c4 c6 3. Nf3 Nf6 4. Nc3 e6 5. Bg5 h6 6. Bh4 dxc4 7. e4 g5 8. Bg3 b5
9. e5 Nd5 10. Be2 Qa5 11. Qd2 Bb4 12. Rc1 Nd7 13. O-O N7b6 14. Qc2 Bxc3 15.
bxc3 Na4 16. Qd2 Naxc3 17. h4 Nxe2+ 18. Qxe2 g4 19. Nd2 Qxa2 20. Qd1 h5 21. Ne4
a5 22. Nd6+ Ke7 23. Rc2 Qa3 24. Qd2 Qd3 25. Qg5+ Kf8 26. Rd2 Qg6 27. Qd8+ Kg7
28. Ne8+ Kh6 29. Qxd5 cxd5 30. Bf4+ Kh7 31. Nf6+ Kg7 32. Nxh5+ Rxh5 33. Bh6+
Qxh6 34. g3 Qxd2 35. Rd1 Qxd1+ 36. Kh2 Qf1 37. f4 gxf3 0-1

[Event "SR 1. liga zapad 2010/2011"]
[Site "?"]
[Date "2010.11.07"]
[Round "2.2"]
[White "Orgon, Dusan"]
[Black "Grilus, Marian"]
[Result "1-0"]
[WhiteElo "2086"]
[BlackElo "1941"]
[PlyCount "79"]
[EventDate "2010.??.??"]

1. d4 e6 2. e4 d5 3. Nd2 c5 4. exd5 Qxd5 5. Ngf3 cxd4 6. Bc4 Qc5 7. O-O Nc6 8.
Qe2 Nf6 9. Rd1 Qh5 10. Nb3 Bd7 11. Nbxd4 Bc5 12. Be3 Ng4 13. Nxe6 fxe6 14. Bxc5
Qxc5 15. Bxe6 O-O-O 16. Rxd7 Rxd7 17. Bxg4 Rhd8 18. Rd1 Kc7 19. Rxd7+ Rxd7 20.
Bxd7 Kxd7 21. Qd3+ Kc7 22. Qxh7 Qe7 23. h4 Qf6 24. c3 a6 25. Qe4 Kb8 26. a4 Ka8
27. Qe8+ Ka7 28. Qe3+ Ka8 29. b4 Qg6 30. Nd4 Nxd4 31. Qxd4 Qb1+ 32. Kh2 Qc2 33.
b5 Qg6 34. b6 Qe8 35. c4 g5 36. hxg5 a5 37. g3 Qf8 38. g6 Qg8 39. Qc5 Qe8 40.
Qxa5+ 1-0

[Event "SR 1. liga zapad 2010/2011"]
[Site "?"]
[Date "2010.11.07"]
[Round "2.2"]
[White "Veres, Andrej"]
[Black "Nemeth, Eugen"]
[Result "1-0"]
[WhiteElo "2168"]
[BlackElo "1960"]
[PlyCount "79"]
[EventDate "2010.??.??"]

1. d4 Nf6 2. c4 g6 3. Nc3 d5 4. Nf3 Bg7 5. Bg5 Ne4 6. cxd5 Nxc3 7. bxc3 Qxd5 8.
Qb3 Qa5 9. e4 Bg4 10. Bd2 O-O 11. Qxb7 Nd7 12. Qa6 Qxa6 13. Bxa6 c5 14. d5 f5
15. Ng5 fxe4 16. h3 Bf5 17. g4 h6 18. gxf5 hxg5 19. d6 gxf5 20. dxe7 Rfe8 21.
Bc4+ Kh8 22. Bxg5 Bxc3+ 23. Ke2 Bf6 24. Bxf6+ Nxf6 25. Rhg1 Rxe7 26. Rg5 f4 27.
Rf5 f3+ 28. Ke3 Rf8 29. Rg1 Rg7 30. Rxg7 Kxg7 31. Rxc5 Rh8 32. Rc7+ Kg6 33.
Bf7+ Kg5 34. Rxa7 Rxh3 35. Ra5+ Kh4 36. Kf4 e3 37. Kxe3 Rh1 38. Rf5 Re1+ 39.
Kxf3 Ra1 40. Rxf6 1-0

[Event "SR 1. liga zapad 2010/2011"]
[Site "?"]
[Date "2010.11.07"]
[Round "2.3"]
[White "Antol, Ladislav"]
[Black "Arendas, Marek"]
[Result "1-0"]
[WhiteElo "2069"]
[BlackElo "2089"]
[PlyCount "99"]
[EventDate "2010.??.??"]

1. e4 c6 2. d4 d5 3. e5 Bf5 4. Bd3 Bxd3 5. Qxd3 e6 6. Ne2 c5 7. Qb5+ Qd7 8.
Nbc3 a6 9. Qxd7+ Nxd7 10. Be3 Ne7 11. f4 Nf5 12. Bf2 cxd4 13. Nxd4 Nxd4 14.
Bxd4 Bc5 15. O-O-O Rc8 16. Rhf1 g5 17. fxg5 Bxd4 18. Rxd4 O-O 19. Ne4 Nxe5 20.
Nf6+ Kg7 21. Rh4 Rh8 22. b3 Rc7 23. Kd1 b5 24. h3 Ng6 25. Rxh7+ Kf8 26. Rh6 Rc3
27. Rxg6 Rg3 28. Rh6 Rxh6 29. gxh6 Rxg2 30. h7 Kg7 31. Nh5+ Kxh7 32. Rxf7+ Kh6
33. Nf4 Rf2 34. Rf8 Rf1+ 35. Ke2 Ra1 36. Nxe6 Rxa2 37. Kd3 a5 38. Nc7 a4 39.
bxa4 bxa4 40. Nxd5 Ra1 41. Nc3 Kg7 42. Ra8 Rh1 43. Nxa4 Rxh3+ 44. Kc4 Kf6 45.
Re8 Rh1 46. Kb4 Rb1+ 47. Kc5 Ra1 48. Nb6 Ra5+ 49. Kc6 Ra3 50. c4 1-0

[Event "SR 1. liga zapad 2010/2011"]
[Site "?"]
[Date "2010.11.07"]
[Round "2.3"]
[White "Doucha, Ludvik"]
[Black "Bednar, Jan"]
[Result "1-0"]
[WhiteElo "2099"]
[BlackElo "2104"]
[PlyCount "111"]
[EventDate "2010.??.??"]

1. e4 c5 2. c4 Nc6 3. Ne2 g6 4. d4 cxd4 5. Nxd4 Bg7 6. Be3 d6 7. Qd2 Nf6 8. f3
O-O 9. Nc3 a6 10. Be2 Bd7 11. O-O Rc8 12. Rfc1 Ne8 13. Rab1 f5 14. exf5 gxf5
15. Nd5 e6 16. Nxc6 bxc6 17. Bb6 Qh4 18. g3 Bh6 19. f4 Qh3 20. Ne7+ Kf7 21.
Nxc8 Bxc8 22. Bf3 Bd7 23. Be3 Rg8 24. Qg2 Qxg2+ 25. Bxg2 e5 26. Rf1 e4 27. Rfd1
Be6 28. Bf1 Bg7 29. b4 Ke7 30. a4 Nc7 31. b5 axb5 32. axb5 cxb5 33. cxb5 Nd5
34. Bd4 Bxd4+ 35. Rxd4 Nxf4 36. b6 Nd5 37. b7 Rb8 38. Rc4 Kd7 39. Rcc1 Nc7 40.
Bb5+ Kd8 41. Bc6 Bd7 42. Rb6 Bxc6 43. Rcxc6 Ne8 44. Kf2 Kd7 45. Ke3 Rxb7 46.
Rxb7+ Kxc6 47. Rxh7 Kd5 48. h4 Nf6 49. Re7 Nh5 50. Kf2 Kd4 51. Rh7 Nf6 52. Rf7
Ke5 53. Re7+ Kd5 54. Kg2 Ng4 55. h5 Kd4 56. Kf1 1-0

[Event "SR 1. liga zapad 2010/2011"]
[Site "?"]
[Date "2010.11.07"]
[Round "2.3"]
[White "Drtina, Milan"]
[Black "Federic, Jozef"]
[Result "1/2-1/2"]
[WhiteElo "2247"]
[BlackElo "2283"]
[PlyCount "99"]
[EventDate "2010.??.??"]

1. e4 c5 2. c4 Nc6 3. Ne2 Nf6 4. Nbc3 e6 5. Nf4 Bd6 6. d3 Be5 7. Bd2 a6 8. g3
O-O 9. Bg2 Rb8 10. a4 d6 11. O-O Nb4 12. Be3 Bd7 13. Nfe2 Ng4 14. Bc1 Bf6 15.
Na2 Nxa2 16. Rxa2 Ne5 17. Be3 Qc7 18. b3 b5 19. cxb5 axb5 20. d4 cxd4 21. Bxd4
bxa4 22. bxa4 Qc4 23. Qd2 Bxa4 24. f4 Ng4 25. h3 Bb3 26. Ra5 Bd8 27. Ra3 e5 28.
Ba7 Rb7 29. Kh1 Nf6 30. Rc1 Nxe4 31. Rxc4 Nxd2 32. Rc3 e4 33. Be3 Bd1 34. Bxd2
Bxe2 35. Bxe4 Rb2 36. Bc1 Rb4 37. Re3 Bb5 38. Bg2 Rb1 39. Re1 Bf6 40. Bd2 Rxe1+
41. Bxe1 Re8 42. Bb4 Bd4 43. Bd5 Bc5 44. Bxc5 dxc5 45. Ra7 Rf8 46. Rc7 Bf1 47.
h4 c4 48. Kg1 Bd3 49. Kf2 g6 50. Bxc4 1/2-1/2

[Event "SR 1. liga zapad 2010/2011"]
[Site "?"]
[Date "2010.11.07"]
[Round "2.3"]
[White "Machalova, Erika"]
[Black "Miklas, Marian"]
[Result "1/2-1/2"]
[WhiteElo "2131"]
[BlackElo "2139"]
[PlyCount "130"]
[EventDate "2010.??.??"]

1. d4 Nf6 2. c4 g6 3. Nc3 Bg7 4. e4 d6 5. f3 O-O 6. Be3 Nc6 7. Qd2 a6 8. Nge2
Rb8 9. Ng3 e5 10. d5 Nd4 11. Nge2 Nxe2 12. Bxe2 Nd7 13. h4 f5 14. Bg5 Bf6 15.
exf5 gxf5 16. O-O-O Kh8 17. Bd3 Nc5 18. Bc2 Rg8 19. Bxf6+ Qxf6 20. Rdg1 a5 21.
Bd1 Bd7 22. g4 fxg4 23. fxg4 Rbf8 24. g5 Qf4 25. Be2 Ne4 26. Qxf4 Rxf4 27. Nxe4
Rxe4 28. Kd2 Rf8 29. Rh2 Rff4 30. h5 Bg4 31. Bd3 Rd4 32. Kc2 Bf5 33. Bxf5 Rxc4+
34. Kb1 Rxf5 35. g6 h6 36. b3 Rcf4 37. Rc1 Rf1 38. Rxf1 Rxf1+ 39. Kb2 c5 40.
Kc3 b5 41. Kd3 Rf4 42. Ke3 Kg8 43. Ke2 a4 44. bxa4 Rxa4 45. Ke3 Rf4 46. Kd3 b4
47. Ke3 c4 48. Rh1 c3 49. Rc1 Rh4 50. Rb1 Rh3+ 51. Ke2 Rh2+ 52. Kd3 Rd2+ 53.
Kc4 Rd4+ 54. Kb3 Rxd5 55. Kxb4 c2 56. Rc1 Rc5 57. Kb3 e4 58. Rxc2 Rxh5 59. Rc6
Re5 60. Rxd6 e3 61. Rd1 Kg7 62. Re1 Kxg6 63. Kc3 Kf5 64. Kd4 e2 65. Kd3 Kf4
1/2-1/2

[Event "SR 1. liga zapad 2010/2011"]
[Site "?"]
[Date "2010.11.07"]
[Round "2.3"]
[White "Machalova, Veronika"]
[Black "Nicolini, Alexander"]
[Result "1-0"]
[WhiteElo "2233"]
[BlackElo "2152"]
[PlyCount "135"]
[EventDate "2010.??.??"]

1. e4 e5 2. Nf3 Nc6 3. Bb5 Bc5 4. O-O Nge7 5. c3 a6 6. Ba4 b5 7. Bc2 d6 8. h3
O-O 9. d4 Bb6 10. a4 bxa4 11. Rxa4 Ng6 12. Ra1 h6 13. Be3 Qf6 14. Ba4 Nce7 15.
Kh2 Nf4 16. Nbd2 Neg6 17. Rg1 Qe7 18. Nc4 exd4 19. Nxb6 cxb6 20. Nxd4 d5 21.
Bxf4 Nxf4 22. Qf3 Qxe4 23. Qxe4 dxe4 24. Bc6 Ra7 25. Bxe4 a5 26. Rge1 Ne6 27.
Rad1 Nxd4 28. Rxd4 Be6 29. Rd6 b5 30. Rb6 Bc4 31. Bc6 Rd8 32. Re8+ Rxe8 33.
Bxe8 a4 34. Bxb5 Bxb5 35. Rxb5 a3 36. bxa3 Rxa3 37. Rb8+ Kh7 38. Rc8 Kg6 39.
Rc7 Kf6 40. Kg3 g5 41. Kf3 h5 42. Rc6+ Ke5 43. Rc5+ Kf6 44. Ke3 Ra2 45. g4 hxg4
46. hxg4 Rc2 47. Rf5+ Ke6 48. Kd3 Rb2 49. Kd4 f6 50. c4 Rb8 51. f3 Rd8+ 52. Rd5
Ra8 53. Rf5 Rd8+ 54. Rd5 Ra8 55. Rb5 Ra3 56. Rb6+ Ke7 57. Ke4 Rc3 58. Rc6 Kf7
59. f4 gxf4 60. Kxf4 Rc1 61. c5 Rf1+ 62. Ke4 Kg6 63. Rc8 Kf7 64. Kd5 Rf4 65. c6
Ke7 66. Rh8 Rf1 67. c7 Rd1+ 68. Ke4 1-0

[Event "SR 1. liga zapad 2010/2011"]
[Site "?"]
[Date "2010.11.07"]
[Round "2.3"]
[White "Maslik, Miroslav"]
[Black "Lanc, Alois"]
[Result "0-1"]
[WhiteElo "2402"]
[BlackElo "2399"]
[PlyCount "98"]
[EventDate "2010.??.??"]

1. Nf3 e6 2. d4 Nf6 3. c4 Bb4+ 4. Bd2 Qe7 5. g3 Nc6 6. Nc3 Bxc3 7. Bxc3 Ne4 8.
Rc1 d6 9. Bg2 Nxc3 10. Rxc3 e5 11. d5 Nb8 12. b4 O-O 13. O-O Bg4 14. Nd2 a5 15.
a3 axb4 16. axb4 Na6 17. f3 Bd7 18. Qb3 c5 19. b5 Nb4 20. Rb1 f5 21. Qd1 Qg5
22. Nf1 f4 23. Ra1 h5 24. Rca3 Rae8 25. Ra7 Bc8 26. Qd2 Qg6 27. Rc1 h4 28. e4
fxe3 29. Qxe3 Nc2 30. Qe4 Qxe4 31. fxe4 Nd4 32. Ra2 h3 33. Bh1 Bg4 34. Re1 Ra8
35. Rxa8 Rxa8 36. Ne3 Bf3 37. Nf5 Bxh1 38. Nxd4 exd4 39. Kxh1 Ra4 40. Kg1 Rxc4
41. Kf2 Kf7 42. e5 dxe5 43. Rxe5 d3 44. Ke1 Rc2 45. Kd1 Re2 46. Rf5+ Ke7 47.
Rg5 Rxh2 48. Rxg7+ Kd6 49. Rxb7 c4 0-1

[Event "SR 1. liga zapad 2010/2011"]
[Site "?"]
[Date "2010.11.07"]
[Round "2.3"]
[White "Sturdik, Igor"]
[Black "Helbich, Branislav"]
[Result "1/2-1/2"]
[WhiteElo "2071"]
[BlackElo "2021"]
[PlyCount "82"]
[EventDate "2010.??.??"]

1. e4 e5 2. Nf3 Nc6 3. d4 exd4 4. Bc4 Be7 5. Nxd4 d6 6. O-O Nxd4 7. Qxd4 Bf6 8.
Qd3 Ne7 9. Nc3 O-O 10. Be3 Nc6 11. f4 Na5 12. Rad1 Nxc4 13. Qxc4 Be6 14. Nd5
Bxd5 15. Rxd5 Qe7 16. Rfd1 b6 17. b3 Rfe8 18. e5 dxe5 19. Rd7 Qe6 20. Qxe6 Rxe6
21. Rxc7 exf4 22. Bxf4 Re7 23. Rdd7 Rxd7 24. Rxd7 Kf8 25. c4 Ke8 26. Rb7 Bd4+
27. Kf1 a6 28. a4 Bc5 29. Bc7 Kd7 30. Bg3+ Ke6 31. Bf2 a5 32. Rc7 Rb8 33. Ke2
g6 34. Kf3 h5 35. Be3 f5 36. Bf4 Rd8 37. Ke2 Rd4 38. Bd2 Re4+ 39. Kd3 Rd4+ 40.
Ke2 Re4+ 41. Kd3 Rd4+ 1/2-1/2